000 01091nam a2200277Ia 4500
003 OSt
005 20221005103052.0
006 a|||||r|||| 00| 0
007 ta
008 221004b |||||||| |||| 00| 0 hin d
020 _a9788180316227 (hbk)
_cIndian Rupees 300
024 _a38873
037 _bGift, 29/08/2018,
_cTextual
040 _aCRL
_cCRL
_bhin
041 _2hin
_ahin
082 _aO152,3NVA6,VY, Q1
100 _aबाजपेयी, शान्ति कुमारी, ले.
245 0 _aव्यवधान
_b बिखरी आस निखरी प्रीत
246 _aVyavadhāna: bikharī ās nikharī prīta
260 _aइलाहाबाद
_bलोकभारती प्रकाशन भारत
_c2011
300 _a349पृ0
_ccm.
650 _a हिन्दी साहित्य
650 _aहिन्दी कहानी
942 _hO152,3NVA6,VY, Q1
_cTEXL
_2cc
999 _c1009353
_d1009353